00926cam a22002292 45000010005000000030006000050050017000110080039000280350035000670400038001020410008001400820021001481110091001692450092002602600057003523000021004096500036004307100056004669420012005229990015005349520147005495214UkOxU20211208234029.0131224s1965 sz 100 0 eng aOCLC ocm00222970 from D980203M aDLCcCSUdSERdOCLdZBLdEQObeng aeng a300.5 bIND 19652 aSouth-East Asian and Pacific Conference of Juristsd(1965 :cBangkok, Thailand)91640414aThe Dynamic aspects of the rule of law in the modern age :breport on the proceedings / aGeneva :bInternational Commission of Jurists,c1965 a189 p. :c24 cm. 0aRule of lawxCongresses.9132412 aInternational Commission of Jurists (1952- )913230 2ddccBK c5214d5214 00102ddc40708NFICaRUCLbRUCLcstackd1970-07-07esweets and Zitlingerg10.00l0o300.5 IND 1965r2013-12-24 00:00:00tC-3w2021-12-08yBK